Study of teachers' effectiveness and its correlates at higher secondary stage in Eastern U.P. (Record no. 21529)

MARC details
000 -LEADER
fixed length control field 00577nam a2200169Ia 4500
082 ## - DEWEY DECIMAL CLASSIFICATION NUMBER
Classification number TS.0025
100 ## - MAIN ENTRY--AUTHOR NAME
Personal name Singh, Ram Sewak
245 #0 - TITLE STATEMENT
Title Study of teachers' effectiveness and its correlates at higher secondary stage in Eastern U.P.
260 ## - PUBLICATION, DISTRIBUTION, ETC. (IMPRINT)
Year of publication 1987
Name of publisher University of Gorakhpur
300 ## - PHYSICAL DESCRIPTION
Number of Pages 156p. + C D - 50
650 ## - SUBJECT ADDED ENTRY--TOPICAL TERM
Topical Term SECONDARY EDUCATION//EDUCATION, SECONDARY
650 ## - SUBJECT ADDED ENTRY--TOPICAL TERM
Topical Term HIGH SCHOOL TEACHERS - UTTAR PRADESH
650 ## - SUBJECT ADDED ENTRY--TOPICAL TERM
Topical Term EDUCATION, SECONDARY - UTTAR PRADESH
650 ## - SUBJECT ADDED ENTRY--TOPICAL TERM
Topical Term HIGH SCHOOL EDUCATION//EDUCATION, SECONDARY
710 ## - ADDED ENTRY--CORPORATE NAME
Corporate name or jurisdiction name as entry element Dubey, R.K.
942 ## - ADDED ENTRY ELEMENTS (KOHA)
Koha item type Thesis
Source of classification or shelving scheme Dewey Decimal Classification
Holdings
Withdrawn status Lost status Damaged status Not for loan Home library Current library Date acquired Bill Date Full call number Accession Number Price effective from Koha item type
        NASSDOC Library NASSDOC Library 08/10/2004 2004-10-22 TS.0025 27540 18/04/2019 Thesis